Projektovanie bezpečnostných činností - policajných činností

Bibliographic Details
Main Author: Cigánik, Ľubomír, 1950- (Author)
Format: Article
Language:Slovak
ISBN:9788080544492
Subjects:

MARC

LEADER 00000naa a2200000 ar4500
001 vtls010188037
003 SK-MaSNL
005 20260302134814.0
008 101111|2008 xo ||||||||||||00 ||slo
015 |a SNBRA2010/11  |2 snkbucl 
038 |a SNKBUCL 
040 |a SNKBUCL  |b slo  |c SNKBUCL  |e AACR2 
041 0 |a slo  |b eng 
044 |a xo  |c SK 
080 |a 351.74  |2 2001 
080 |a 351.74:001  |2 2001 
100 1 |a Cigánik, Ľubomír,  |d 1950-  |4 aut  |9 217947 
245 1 0 |a Projektovanie bezpečnostných činností - policajných činností  |c Ľubomír Cigánik 
504 |a Bibliogr. odkazy 
546 |a Res. angl. 
611 2 7 |a Policajné vedy a policajné činnosti  |d (2007 :  |c Bratislava, Slovensko)  |2 snkbucl  |9 177563 
650 0 7 |a bezpečnostné vedy  |2 snkbucl  |9 198845 
650 0 7 |a policajné vedy  |2 snkbucl  |9 67340 
650 0 7 |a praktické vedy  |2 snkbucl  |9 746331 
650 0 7 |a policajno-bezpečnostné činnosti  |2 snkbucl  |9 817215 
773 0 |t Policajné vedy a policajné činnosti  |d Bratislava: Akadémia policajného zboru, 2008,  |g S. 21-26  |z 9788080544492 
852 |a SNK  |b KIS3GCP 
958 |a NB 
999 |c 1324075  |d 1326005